000
00319nam a22001337a 4500
008
180223b xxu||||| |||| 00| 0 eng d
020
_a
9780767424073
041
_a
eng
080
_a
611
100
_a
49
101
_a
soc
245
_a
the child infants children and adolescents
_c
cobb.n.j
942
_2
udc
_c
BK
999
_c
43283
_d
43283